| 000 | 00370nam a2200145Ia 4500 | ||
|---|---|---|---|
| 008 | 240624s9999 xx 000 0 und d | ||
| 041 | _aeng | ||
| 082 | _a303.4834 MIK | ||
| 100 | _aMIKA PETER | ||
| 245 | _aSOCIAL NETWORK AND THE SEMANTIC WEB | ||
| 250 | _a11 | ||
| 260 |
_c2007 _aNew Delhi _bSpringer India |
||
| 300 | _axiii, : 234 : p. : cm. ; 22 | ||
| 365 |
_cRS _b30 |
||
| 999 |
_c17990 _d17990 |
||